BIBLIOTECA “JULIO CORTÁZAR”
ESCUELA AGROTÉCNICA “LIBERTADOR GENERAL SAN MARTÍN” - UNR – CASILDA

Logo Escuela Logo UNR

Microbiología : (Record no. 495)

MARC details
000 -LEADER
campo de control de longitud fija 00963nam#a22003735a#4500
001 - NÚMERO DE CONTROL
campo de control 495
008 - DATOS DE LONGITUD FIJA--INFORMACIÓN GENERAL
campo de control de longitud fija 061205s1963####ag#o###f######001#0#spa#d
080 ## - NÚMERO DE LA CLASIFICACIÓN DECIMAL UNIVERSAL
Número de la Clasificación Decimal Universal 579.2/.6
084 ## - OTRO NÚMERO DE CLASIFICACIÓN
Número de clasificación S23
040 ## - FUENTE DE CATALOGACIÓN
Centro catalogador/agencia de origen AR-ClEAG
Centro/agencia transcriptor AR-ClEAG
005 - FECHA Y HORA DE LA ÚLTIMA TRANSACCIÓN
campo de control 20241107184637.0
003 - IDENTIFICADOR DE NÚMERO DE CONTROL
campo de control AR-ClEAG
100 1# - ENTRADA PRINCIPAL--NOMBRE DE PERSONA
Nombre de persona Bowen Sarles, William.
245 10 - MENCIÓN DEL TÍTULO
Título Microbiología :
Resto del título General Aplicada /
Mención de responsabilidad, etc. William Bowen Sarles, William Carroll Frazier.
250 ## - MENCION DE EDICION
Mención de edición 1ª ed.
260 ## - PUBLICACIÓN, DISTRIBUCIÓN, ETC.
Lugar de publicación, distribución, etc. Buenos Aires :
Nombre del editor, distribuidor, etc. Salvat,
Fecha de publicación, distribución, etc. 1963.
300 ## - DESCRIPCIÓN FÍSICA
Extensión 541 p. :
Otras características físicas fot. ;
Dimensiones 22 cm.
653 ## - TÉRMINO DE INDIZACIÓN--NO CONTROLADO
Término no controlado Biología
653 ## - TÉRMINO DE INDIZACIÓN--NO CONTROLADO
Término no controlado Algas
653 ## - TÉRMINO DE INDIZACIÓN--NO CONTROLADO
Término no controlado Hongos
653 ## - TÉRMINO DE INDIZACIÓN--NO CONTROLADO
Término no controlado Levaduras
653 ## - TÉRMINO DE INDIZACIÓN--NO CONTROLADO
Término no controlado Protozoos
653 ## - TÉRMINO DE INDIZACIÓN--NO CONTROLADO
Término no controlado Microorganismos
653 ## - TÉRMINO DE INDIZACIÓN--NO CONTROLADO
Término no controlado Esterilización
653 ## - TÉRMINO DE INDIZACIÓN--NO CONTROLADO
Término no controlado Cultivos puros
653 ## - TÉRMINO DE INDIZACIÓN--NO CONTROLADO
Término no controlado Características
653 ## - TÉRMINO DE INDIZACIÓN--NO CONTROLADO
Término no controlado Clasificación
653 ## - TÉRMINO DE INDIZACIÓN--NO CONTROLADO
Término no controlado Descomposición
653 ## - TÉRMINO DE INDIZACIÓN--NO CONTROLADO
Término no controlado Productos Lácteos
653 ## - TÉRMINO DE INDIZACIÓN--NO CONTROLADO
Término no controlado Enfermedades
653 ## - TÉRMINO DE INDIZACIÓN--NO CONTROLADO
Término no controlado Virus
700 1# - ENTRADA AGREGADA--NOMBRE PERSONAL
Nombre de persona Frazier, William Carroll.
942 ## - ELEMENTOS DE ENTRADA SECUNDARIOS (KOHA)
Tipo de ítem Koha Libros
980 ## - EQUIVALENCIA O REFERENCIA-CRUZADA-MENCIÓN DE SERIE--NOMBRE DE PERSONA/TÍTULO [LOCAL, CANADÁ]
Enlace 2
Nombre de persona Evangelina Gallicchio
Enlace entre campo y número de secuencia 2
Información miscelánea Evangelina Gallicchio
Holdings
Estatus retirado Estado de pérdida Fuente del sistema de clasificación o colocación Estado de daño No para préstamo Biblioteca de origen Biblioteca actual Ubicación en estantería Fecha de adquisición Número de inventario Total de préstamos Signatura topográfica completa Código de barras Visto por última vez Precio de reemplazo Tipo de ítem Koha
    Clasificación decimal universal     Julio Cortázar Julio Cortázar   07/11/2024 249   R05 579.2/.6 S23 1 1 Ej.1 249 07/11/2024 07/11/2024 Libros

Contacto

Biblioteca Julio Cortázar. Escuela Agrotécnica "Libertador San Martín". Universidad Nacional de Rosario
Dirección: Ov. Lagos 1000 - 2170 Casilda - Santa Fe - Argentina
Tel: (54) (03464) 422226.
Fax: (54) (03464) 427789.
E-Mail: biblio-eac@unr.edu.ar